000 00472nam a2200181Ia 4500
003 LDD
008 190117s9999 xx 000 0 und d
020 _c₹40
040 _cLDD
041 _ahi
082 _a8H3.7 य 6925दे-9
100 _aयशपाल
245 0 _aदेश द्रोही
_cयशपाल
250 _a9 सं.
260 _aइलाहाबाद
_bलोकभारती
_c1984
300 _a253प्र.
942 _2ddc
_cH
999 _c167583
_d167583